00377cam a22001217a 4500008004000000082002300040100002500063245005300088260005200141300001000193440002500203650002700228180718b1955 xxu||||| |||| 00| 0 eng d aA81x5421 In2/51/39 aCensus of India 1951 aDistrict census handbook, Tehri-Garhwal district aRampurbSuperintendent, Census Operationsc1955 a176p. aCensus of India 1951 aTehri-Garhwal - Census